| 000 | 00603nam a22002057a 4500 | ||
|---|---|---|---|
| 005 | 20251108173102.0 | ||
| 008 | 250721s2006 xx 000 0 ara d | ||
| 082 | 1 | 4 | _a620/سري |
| 100 | 1 | _aأبو سريس، شادي | |
| 245 | 1 | 0 | _aالمشاغل الهندسية / |
| 264 | 1 |
_aعمان : _bمكتبة المجتمع العربي، _c2006. |
|
| 300 | _a301ص. | ||
| 650 | 1 | 7 | _aالهندسة |
| 650 | 1 | 7 | _aالمواد الهندسية |
| 650 | 1 | 7 | _aالتصميم الهندسي |
| 700 | 1 | _aالزيوت، يونس | |
| 700 | 1 | _aضرار، أيمن | |
| 942 |
_2ddc _cBK |
||
| 999 |
_c95711 _d95711 |
||